Poprzednie kluby piłkarzy #6 - Statystyki

Ogólne statystyki
  • Ten quiz został rozwiązany 140 razy
  • Średni wynik to 9 z 15
Statystyki odpowiedzi
Zawodnik Klub, w którym gra lub grał Poprzedni klub % Poprawnych
Ronaldinho AC Milan FC Barcelona
98%
Jude Bellingham Real Madryt Borussia Dortmund
92%
Jadon Sancho Manchester United Borussia Dortmund
80%
Julián Alvarez Atlético Madryt Manchester City
78%
Virgil van Dijk FC Liverpool Southampton
70%
Cesc Fàbregas FC Barcelona Arsenal Londyn
69%
Dominik Szoboszlai FC Liverpool RB Lipsk
68%
Łukasz Fabiański West Ham United Swansea City
63%
Rasmus Højlund Manchester United Atalanta Bergamo
55%
Riccardo Calafiori Arsenal Londyn Bologna
55%
Kamil Glik AS Monaco Torino
55%
Jan Oblak Atlético Madryt Benfica Lizbona
37%
Aaron Wan-Bissaka Manchester United Crystal Palace
35%
Rio Ferdinand Manchester United Leeds United
27%
Diego Forlan Atlético Madryt Villarreal
22%
Nie znaleziono quizów pasujących do podanych kryteriów
Rozkład punktacji
Procent ludzi z każdym wynikiem
Percentyl według liczby udzielonych odpowiedzi
Twoja historia wyników
Nie rozwiązałeś tego quizu